Notice - Little Mix - All Lyrics - Statistics

General Stats
  • This quiz has been taken 44 times
  • The average score is 367 of 399
Answer Stats
Answer % Correct
a
100%
ah
100%
Do
100%
do
100%
(Do)
100%
don't
100%
(Don't)
100%
don’t
100%
I
100%
(I
100%
I)
100%
(No,
100%
no,
100%
No-no,
100%
no-no,
100%
no-no
100%
Not
100%
notice
100%
notice?
100%
(Notice)
100%
Notice
100%
notice)
100%
(Notice,
100%
of
100%
(Oh)
100%
Oh,
100%
the
100%
There's
100%
think
100%
think)
100%
uh-huh
100%
Uh-huh
100%
(Uh-huh)
100%
(Uh-uh)
100%
what
100%
you
100%
You
100%
you,
100%
you)
100%
care
95%
if
95%
If
95%
it?
95%
it
95%
me
95%
me,
95%
nothin'
95%
point
95%
wearing
95%
what's
95%
(What's
95%
been
91%
in
91%
is,
91%
It's
91%
never
91%
off
91%
on
91%
on)
91%
So
91%
feel
86%
focus
86%
for
86%
For
86%
got
86%
(Got
86%
know
86%
losing
86%
since
86%
take
86%
to
86%
where
86%
I'ma
82%
like
82%
air
77%
and
77%
And
77%
Boy,
77%
doin'
77%
I've
77%
just
77%
sex
77%
want
77%
way
77%
Yeah,
77%
yeah)
77%
(Yeah)
77%
Flip
73%
noticed
73%
over
73%
smoke
73%
tell
73%
Tell
73%
while
73%
ain't
68%
but
68%
fire
68%
lost
68%
wanna
68%
behind
64%
can't
64%
get
64%
need
64%
Undress
64%
down
59%
my
55%
make
50%
recline
50%
up
50%
wait
45%
around
41%
help
41%
open
36%
sweet
36%
tooth
36%
feed
32%
invitation,
32%
lace
32%
covered
23%
No matching quizzes found
Score Distribution
Percent of People with Each Score
Percentile by Number Answered
Your Score History
You have not taken this quiz